000 01436nam a2200397 i 4500
001 196913
003 ES-MaACL
005 20250804062716.0
008 250127s1998 sp | |||| ||spa
016 7 _abimoBNE19994345422
_2SpMaBN
017 _aB 39110-1998
_bOficina Depósito Legal Barcelona
020 _a842267386X
035 _a(OCoLC)432638077
035 _a(SpMaBN)bimo0001182516
040 _aSpMaBN
_bspa
_cSpMaBN
_erdc
080 _a821.111(73)-31"19"
100 1 _aGrisham, John,
_d1955-
_9239505
_eaut
240 1 4 _aThe Street Lawyer
_lEspañol
245 1 0 _aCausa justa /
_cJohn Grisham ; traducción de Antonia Menini.
260 _aBarcelona :
_bCírculo de Lectores,
_c[1998].
264 _c©1998.
300 _a414 páginas ;
_c23 cm
336 _2rdacontent
_atexto
337 _2rdamedia
_asin mediación
338 _2rdacarrier
_avolumen
594 _aTraducción de: The Street Lawyer
655 0 _aNovelas
_9234319
700 1 _980365
_aMenini, María Antonia
_etrl
852 _aES-MaACL
_cDEPOJ
_jN-10295
_hDonación: José Lázaro García
_xEncuadernación cartoné con sobrecubiertas
_9206417
903 _9234219
_aLázaro García, José
_ednr
942 _cMONOGRAFIA
_n0
999 _c196913
_d196913